000 00608nam a22002177a 4500
003 OSt
005 20150829153810.0
008 150829b xxu||||| |||| 00| 0 eng d
020 _a9781605855479
040 _cDNLM
082 _aQY4 V431m 2008
100 _aVarnadoe, Lionel A.
_95626
245 _aMedical laboratory management and supervision
250 _a2nd ed.
260 _aPhiladelphia;
_bF.A. Davis,
_c2008
300 _axxviii,453p;
_bill:
_c27cm
504 _aReferences, & index included
650 _aLaboratory management
_95627
650 _aClinical pathology
_91928
942 _2z
_cO_SHELF
999 _c2202
_d2202